1909 1570 1007 1934 1596 1942 1274 1576 1074 1143 1614 1877 1598 1144 1376 1994 1243 1987 1854 1691 1057 1470 1092 1351 1351 1177 1263 1889 1443 1526 1853 1103 1083 1346 1009 1387 1670 1399 1904 1929 1244 1220 1160 1368 1143 1422 1414 1091 1615 1434 1474 1692 1679 1907 1840 1839 1941 1591 1168 1705 1854 1307 1653 1765 1837 1893 1019 1455 1675 1280 1195 1599 1177 1238 1149 1658 1071 1271 1365 1992 1234 1512 1468 1952 1327 1657 1350 1660 1446 1875 1843 1599 1499 1637 1907 1065 1513 1394 1543 BCNSPRNW ULIB Ver.6.0+V

เปลี่ยนเป็นภาษาไทย

Change to English
 แสดงรายละเอียดบรรณานุกรม
  กลับหน้าหลัก

Brief Record : Get Marc (ISO 2709) : E-mail record : QR code < ปิดหน้าต่าง
LEADER : 00000nam 2200000uu 4500
001    13399120050
003     ULIB
008    020711s2552 th a 000 0 tha d
020    9786117057137
090    นว.^bฟ367ส
100    ฟ้าใส ไอรดา
245    สุดผืนทราย..ปลายทางแห่งรัก /^cฟ้าใส ไอรดา
260     กรุงเทพฯ^bSimply Book - Love Novels.,^c2552
300    182 หน้า
945    ^p150^l0^i15825
999    ^aทศพร เกษรทอง
รายการนี้ยังไม่มีแท็ก
คุณยังไม่ได้ล็อกอิน คุณสามารถมีกิจกรรมร่วมกับเว็บไซต์ได้ แต่ต้องล็อกอินก่อน ::
  ล็อกอิน

รายการสื่อสารสนเทศ

ลำดับที่ ประเภท เลขเรียก/บาร์โค้ด สถานที่ สถานะ
1. นวนิยาย
นวนิยาย
นว. ฟ367ส ฉ.1 
  Barcode: 15825
ห้องสมุดวิทยาเขตสวรรค์ประชารักษ์
►นวนิยาย
บนชั้น
  ขอยืม

รายการใกล้เคียง
    ผู้แต่ง [ฟ้าใส ไอรดา]

BibComment


ยังไม่เคยถูกคอมเมนท์

คอมเมนท์ทรัพยากรรายการนี้
  คอมเมนท์: สุดผืนทรายปลายทาง..


 Copyright 2026. Bcnsprnw @Library